| 000 | 01149nam a22002657i 4500 | ||
|---|---|---|---|
| 003 | EG-ScBUE | ||
| 005 | 20221204105609.0 | ||
| 008 | 220731n19uu xx f 000 0 ara d | ||
| 040 |
_aEG-ScBUE _bara _erda _cEG-ScBUE _dEG-ScBUE |
||
| 043 | _ama---- | ||
| 082 | 0 | 4 |
_222 _a331.110953 _bم ن ظ |
| 110 | 2 |
_aمنظمة العمل العربية. _bمكتب العمل العربي، _eمؤلف. |
|
| 245 | 1 | 0 |
_aاستراتيجية تنمية القوى العاملة العربية / _cمنظمة العمل العربية، مكتب العمل العربي. |
| 264 | 1 |
_a[مكان النشر غير محدد] : _bمنظمة العمل العربية، مكتب العمل العربي، _c[19--؟] |
|
| 300 |
_a37 صفحة ؛ _c24 سم |
||
| 336 |
_2rdacontent _aنص _btxt |
||
| 337 |
_2rdamedia _aبدون وسيط _bn |
||
| 338 |
_2rdacarrier _aمجلد _bnc |
||
| 541 | _aBook from store. | ||
| 650 | 7 |
_aالقوى العاملة _xتخطيط _zالبلاد العربية. _2BUEsh |
|
| 651 | 7 |
_aالبلاد العربية _xجوانب القتصادية. _2BUEsh |
|
| 653 |
_bBUSECO _cDecember2022 |
||
| 655 | _vReading book | ||
| 942 | _2ddc | ||
| 999 |
_c30062 _d30033 |
||